| 000 | 01043cab a2200277 4500 | ||
|---|---|---|---|
| 001 | WB3520-43 | ||
| 008 | 090401t1999 xxu||||| |||| 00| 0 eng d | ||
| 035 | _a(Sirsi) u93598 | ||
| 041 | _aeng | ||
| 245 | _aScots sign the way | ||
| 260 | _c1999 | ||
| 350 | _a0 | ||
| 490 |
_aGuardian _v26 May 1999, 2:4(1) |
||
| 520 | _aThe Scottish approach to access to the countryside is likely to give a right of access to all countryside in principle, with exceptions made when there is good reason for making them. Suggests that this is likely to be more practical than the plans for England and Wales, in which access will be allowed to some landscape types but not others, and all land will have to be designated as belonging to a type. | ||
| 650 | _aACCESS TO THE COUNTRYSIDE | ||
| 650 | _aCOUNTRYSIDE AGENCY | ||
| 650 | _aENGLAND | ||
| 650 | _aLANDSCAPE TYPES | ||
| 650 | _aRIGHT OF ACCESS | ||
| 650 | _aRIGHT TO ROAM | ||
| 650 | _aSCOTLAND | ||
| 650 | _aWALES | ||
| 690 | _aRURAL PRACTICE | ||
| 942 | _n0 | ||
| 948 | _c27/05/1999 | ||
| 999 |
_c59316 _d59316 |
||